Faktory výberu nákupného miesta bakalárska práca

Uložené v:
Podrobná bibliografia
Hlavný autor: Hroboň, Samuel
Korporativný autor: Obchodná fakulta EU. Katedra marketingu
Ďalší autori: Vokounová, Dana, 1962-
Médium: Kniha
Jazyk:Slovak
Vydavateľské údaje: Bratislava 2025
Tagy: Pridať tag
Žiadne tagy, Buďte prvý, kto otaguje tento záznam!

MARC

LEADER 00000nbm a2200000 4500
001 0311010
005 20260213082657.7
041 0 |a slo 
044 |a SK 
245 1 0 |a Faktory výberu nákupného miesta  |b bakalárska práca  |c Samuel Hroboň ; školiteľ: Dana Vokounová 
264 1 |a Bratislava  |c 2025 
300 |a 46 s. 
100 1 |a Hroboň, Samuel 
700 1 |a Vokounová, Dana, 1962- 
710 2 |a Obchodná fakulta EU. Katedra marketingu